000 01419nam a22003375i 4500
003 EG-ScBUE
005 20250326092142.0
008 150827s2004 ii a f b 001 0 eng d
020 _a0070589097
020 _a9780070589094
040 _aEG-ScBUE
_beng
_erda
_cEG-ScBUE
_dEG-ScBUE
082 0 4 _a512.89
_bMEN
_222
100 1 _aMendelson, Elliott,
_eauthor.
245 1 0 _aSchaum’s outline of theory and problems of boolean algebra and switching circuits /
_cElliott Mendelson, Ph.D., professor of mathematics, Queens College, City University of New York.
246 3 0 _aTheory and problems of Boolean algebra and switching circuits
246 3 0 _aBoolean algebra
250 _aTata McGraw-Hill edition.
264 1 _aNew Delhi :
_bTata McGraw-Hill Publishing Company Limited,
_c2004.
300 _a213 pages :
_billustrations ;
_c28 cm.
336 _2rdacontent
_atext
_btxt
337 _aunmediated
_2rdamedia
_bn
338 _avolume
_bnc
_2rdacarrier
490 0 _aSchaum's outline series
504 _aIncludes bibliographical references and index.
650 7 _aAlgebra, Boolean
_xOutlines, syllabi, etc.
_2BUEsh
650 7 _aSwitching theory
_xOutlines, syllabi, etc.
_2BUEsh
655 _vReading book
856 4 2 _3Publisher description
_uhttp://www.loc.gov/catdir/description/mh031/79129489.html
856 4 2 _3Table of contents
_uhttp://www.loc.gov/catdir/toc/mh021/79129489.html
942 _cBB
_2ddc
999 _c1337
_d1337